000 00566cam a22002053a 4500
001 43622
003 PGUSA
005 20140828084007.0
008 130902s2013||||xxu|||||s|||||000 | eng d
040 _aPGUSA
_beng
042 _adc
245 1 4 _aThe Beaver, Vol. I, No. 4, January 1921
_h[electronic resource]
260 _bProject Gutenberg,
_c2013
506 _aPublic domain in the USA.
516 _aElectronic text
700 1 _aHudson's Bay Company
830 0 _aProject Gutenberg
_v43622
856 4 0 _uhttp://www.gutenberg.org/ebooks/43622
942 _cEB
999 _c272873
_d272873